000 00570nam a2200193 i 4500
001 54286
003 ES-MaACL
005 20250913063051.0
007 t|
008 960722m18511852sp a ||||1| spa d
100 0 _aFlores, Antonio,
_d1818-1865
_951252
245 1 0 _aFe, esperanza y caridad /
_cpor Antonio Flores.
250 _a3ª ed.
260 _aMadrid :
_b[s.n.],
_c1851-1852.
300 _a3 v., [3] h. de lám. ;
_c26 cm.
500 _aEl t. I. no tiene port., datos tomados del t. II.
852 _aES-MaACL
_jG-14761-63
999 _c54286
_d54286